| 000 | 00584nam a2200229Ia 4500 | ||
|---|---|---|---|
| 003 | OSt | ||
| 005 | 20230608111707.0 | ||
| 008 | 210423s2006 xx 000 0 und d | ||
| 020 | _a8185167141 | ||
| 040 | _cAL | ||
| 041 | _aeng | ||
| 082 |
_a361.3 _223 _bJACS |
||
| 100 |
_aJACOB (K K) _9122437 |
||
| 245 | _aSocial policy in india | ||
| 260 |
_aNew Delhi _bHimanshu Publications _c2006 |
||
| 300 |
_a150 _bHB |
||
| 365 |
_b395 _cINR |
||
| 650 |
_aSocial Problems & Services _9122438 |
||
| 650 |
_aSocial Work _9122439 |
||
| 906 | _aindia ; policy ; Social | ||
| 942 |
_2ddc _cBK |
||
| 999 |
_c175250 _d175250 |
||